|
|
|
|
| LEADER |
01739nam a2200445 i 4500 |
| 001 |
EBC4873547 |
| 003 |
MiAaPQ |
| 005 |
20200520144314.0 |
| 006 |
m o d | |
| 007 |
cr cnu|||||||| |
| 008 |
170713t20172017nyu ob 001 0 eng d |
| 020 |
|
|
|z 9781785335594
|
| 020 |
|
|
|a 9781785335600 (e-book)
|
| 035 |
|
|
|a (MiAaPQ)EBC4873547
|
| 035 |
|
|
|a (Au-PeEL)EBL4873547
|
| 035 |
|
|
|a (CaPaEBR)ebr11398671
|
| 035 |
|
|
|a (CaONFJC)MIL1017177
|
| 035 |
|
|
|a (OCoLC)985966851
|
| 040 |
|
|
|a MiAaPQ
|b eng
|e rda
|e pn
|c MiAaPQ
|d MiAaPQ
|
| 050 |
|
4 |
|a HG231
|b .M664 2017
|
| 082 |
0 |
|
|a 332.4
|2 23
|
| 245 |
0 |
0 |
|a Money in a human economy /
|c edited by Keith Hart.
|
| 264 |
|
1 |
|a New York ;
|a Oxford, [England] :
|b Berghahn Books,
|c 2017.
|
| 264 |
|
4 |
|c 2017
|
| 300 |
|
|
|a 1 online resource (308 pages).
|
| 336 |
|
|
|a text
|2 rdacontent
|
| 337 |
|
|
|a computer
|2 rdamedia
|
| 338 |
|
|
|a online resource
|2 rdacarrier
|
| 490 |
1 |
|
|a Human Economy ;
|v Volume 5
|
| 504 |
|
|
|a Includes bibliographical references at the end of each chapters and index.
|
| 588 |
|
|
|a Description based on print version record.
|
| 590 |
|
|
|a Electronic reproduction. Ann Arbor, MI : ProQuest, 2016. Available via World Wide Web. Access may be limited to ProQuest affiliated libraries.
|
| 650 |
|
0 |
|a Money
|x History.
|
| 650 |
|
0 |
|a Foreign exchange.
|
| 655 |
|
4 |
|a Electronic books.
|
| 700 |
1 |
|
|a Hart, Keith,
|e editor.
|
| 776 |
0 |
8 |
|i Print version:
|t Money in a human economy.
|d New York ; Oxford, [Engand] : Berghahn Books, c2017
|h vi, 308 pages
|k Human economy ; Volume 5.
|z 9781785335594
|w 2017013681
|
| 797 |
2 |
|
|a ProQuest (Firm)
|
| 830 |
|
0 |
|a Human economy ;
|v Volume 5.
|
| 856 |
4 |
0 |
|u https://ebookcentral.proquest.com/lib/matrademy/detail.action?docID=4873547
|z Click to View
|